Vista normal
Vista MARC
Entrada Personal Name
Número de registros utilizados en: 7
001 - CONTROL NUMBER
- control field: 5483
003 - CONTROL NUMBER IDENTIFIER
- control field: DLC
005 - DATE AND TIME OF LATEST TRANSACTION
- control field: 20240215115848.0
008 - FIXED-LENGTH DATA ELEMENTS
- fixed length control field: 800722n| azannaabn |a aaa
010 ## - LIBRARY OF CONGRESS CONTROL NUMBER
- LC control number: n 80070191
035 ## - SYSTEM CONTROL NUMBER
- System control number: (OCoLC)oca00451683
040 ## - CATALOGING SOURCE
- Original cataloging agency: DLC
- Language of cataloging: spa
- Description conventions: rda
- Transcribing agency: Mx-PuUPA
- Modifying agency: OCoLC
- Modifying agency: DNLM
- Modifying agency: Mx-PuUPA
100 1# - HEADING--PERSONAL NAME
- Personal name: Rojas Soriano, Raúl,
374 ## - OCCUPATION
- Occupation: Autor
375 ## - GENDER
- Gender: hombre
377 ## - ASSOCIATED LANGUAGE
- Language code: spa
400 1# - SEE FROM TRACING--PERSONAL NAME
- Personal name: Soriano, Raúl Rojas
400 1# - SEE FROM TRACING--PERSONAL NAME
- Personal name: Rojas Soriano, R.
- Fuller form of name: (Raúl)
400 1# - SEE FROM TRACING--PERSONAL NAME
- Personal name: Soriano, R. Rojas
- Fuller form of name: (Raúl Rojas)
670 ## - SOURCE DATA FOUND
- Source citation: His Guía para realizar investigaciones sociales, 1977:
- Information found: t.p. (Raúl Rojas Soriano) p.7(licenciado in Sociology; professor of statistics at the Universidad Nacional Autónoma de México)
670 ## - SOURCE DATA FOUND
- Source citation: His Capitalismo y enfermedad, 1982:
- Information found: t.p. (Raúl Rojas Soriano) spine (R. Rojas Soriano)